书目信息 |
| 题名: |
老年人建筑设计规范 JGJ 122-99
|
|
| 作者: | 哈尔滨建筑大学 | |
| 分册: | ||
| 出版信息: | 北京 中国建筑工业出版社 1997.09 |
|
| 页数: | 28页 | |
| 开本: | 24开 | |
| 丛书名: | ||
| 单 册: | ||
| 中图分类: | TU241.93-65 | |
| 科图分类: | ||
| 主题词: | 民用建筑--建筑设计 | |
| 电子资源: | ||
| ISBN: | ||
| 000 | 00605nam0 2200193 45 | |
| 001 | 0003151163 | |
| 005 | 20000917153846.7 | |
| 010 | @d5.00元 | |
| 100 | @a20000315d1997 km y0chiy0120 ea | |
| 101 | @achi | |
| 105 | @a z 000yy | |
| 200 | 1 | @a老年人建筑设计规范 JGJ 122-99@ALao Nian Ren Jian Zhu She Ji Gui Fan JGJ 122-99@f哈尔 滨建筑大学@FHa Er Bin Jian Zhu Da Xue |
| 210 | @a北京@c中国建筑工业出版社@d1997.09 | |
| 215 | @a28页@d24开 | |
| 606 | 0 | @a民用建筑@x建筑设计 |
| 690 | @aTU241.93-65@v3 | |
| 701 | @a哈尔滨建筑大学 | |
| 801 | @aCN@bPftUser@c20000315 | |
| 905 | @dTU241.93-65@eH:057@b146528-532@f5 | |
| 老年人建筑设计规范 JGJ 122-99/哈尔 滨建筑大学.-北京:中国建筑工业出版社,1997.09 |
| 28页;24开 |
| ISBN :5.00元 |
| ● |
| 相关链接 |
|
|
|
正题名:老年人建筑设计规范JGJ 122-99
索取号:TU241.93-65/H:057
 
预约/预借
| 序号 | 登录号 | 条形码 | 馆藏地/架位号 | 状态 | 备注 |
| 1 | 146528 | 201465280 | 建筑库101/404自科库 25排6列1层/ [索取号:TU241.93-65/H:057] | 在馆 | |
| 2 | 146529 | 201465299 | 建筑库101/ [索取号:TU241.93-65/H:057] | 在馆 | |
| 3 | 146530 | 201465306 | 建筑库101/404自科库 25排6列1层/ [索取号:TU241.93-65/H:057] | 在馆 | |
| 4 | 146531 | 201465315 | 建筑库101/404自科库 25排6列1层/ [索取号:TU241.93-65/H:057] | 在馆 | |
| 5 | 146532 | 201465324 | 建筑库101/404自科库 25排6列1层/ [索取号:TU241.93-65/H:057] | 在馆 |